000 01289aam a2200385 4500
001 20553
003 CO-MdFUSB
005 20190202100422.0
008 170511t1993 xxu||||f |||| 00| 0 eng d
020 _a0-664-25195-1
040 _aCO-MdFUSB
_bspa
_cCO-MdFUSB
_dCO-MdFUSBC
_erda
041 _aeng
082 _224
_aG 225.95
_bC555c
100 1 _aBecker, Jürgen., (Editor)
245 1 0 _aChristian beginnings
_b: Word and community from Jesus to post-apostolic times
_c/ Editado por Jürgen Becker ; Traducido por Annemarie S. Kidder, Reinhard Krauss
264 1 _aLouisville, Kentucky :
_bWestminster/John Knox Press,
_c℗1993
264 1 _c©1993
300 _a359 páginas
_b:
_c;
336 _2rdacontent
_a1
_ba1
337 _2rdamedia
_a2
_b5
338 _2rdacarrier
_a2
_b5
505 0 0 _aJesús - La primera generación del cristianismo primitivo - La época post-apostólica
563 _aRústico
650 7 _aIglesia
_xHistoria
_y(Iglesia primitiva), ca. 0030-0600
_2
_9659
720 _aBurchard, Christoph
720 _aColpe, Carsten
720 _aLoning, Karl
720 _aRiches, John K.
720 _aLampe, Peter
720 _aLuz, Ulrich
720 _aMuller, Ulrich B.
720 _aBarrett, C.K.
942 _cBK
999 _c46904
_d46904